[Event "Sancti Spiritus Concepcion Memorial tt"]
[Site "Sancti Spiritus"]
[Date "2018.01.21"]
[Round "10.3"]
[White "Santana Laurence, Luis M"]
[Black "Gallo Garcia, Kemel Antonio"]
[Result "1/2-1/2"]
[WhiteElo "2023"]
[BlackElo "2039"]
[PlyCount "66"]
[EventDate "2018.01.16"]
[EventType "team-tourn"]
[EventRounds "10"]
[EventCountry "CUB"]
[SourceTitle "EXT 2021"]
[Source "ChessBase"]
[SourceDate "2020.10.23"]
[SourceVersion "1"]
[SourceVersionDate "2020.10.23"]
[SourceQuality "1"]

1. Nf3 Nf6 2. g3 g6 3. Bg2 Bg7 4. d3 d5 5. Nbd2 0-0 6. 0-0 c5 7. e4 Nc6 8. c3 b6 9. Re1 e5 10. exd5 Nxd5 11. Nc4 Re8 12. Ng5 Bb7 13. Ne4 Re6 14. Ng5 Re8 15. Ne4 Re6 16. Ng5 Re7 17. Ne4 Rd7 18. Bg5 f6 19. Bd2 f5 20. Ng5 Qf6 21. Qb3 Rad8 22. Nf3 Re8 23. d4 cxd4 24. cxd4 e4 25. Nfe5 Rdd8 26. Nxc6 Bxc6 27. Ne5 Bb7 28. Rac1 Qe6 29. Bf1 h6 30. Rc2 Kh7 31. Rec1 Rc8 32. Bb5 Rxc2 33. Rxc2 Rd8 1/2-1/2

[Event "Sancti Spiritus Concepcion Memorial tt"]
[Site "Sancti Spiritus"]
[Date "2018.01.20"]
[Round "9.2"]
[White "Lavigne Lopez, Raul Leonardo"]
[Black "Santana Laurence, Luis M"]
[Result "1-0"]
[WhiteElo "2176"]
[BlackElo "2023"]
[PlyCount "151"]
[EventDate "2018.01.16"]
[EventType "team-tourn"]
[EventRounds "10"]
[EventCountry "CUB"]
[SourceTitle "EXT 2021"]
[Source "ChessBase"]
[SourceDate "2020.10.23"]
[SourceVersion "1"]
[SourceVersionDate "2020.10.23"]
[SourceQuality "1"]

1. Nf3 d6 2. e4 Nf6 3. Nc3 g6 4. d4 Bg7 5. Be2 Bg4 6. 0-0 0-0 7. Ng5 Bxe2 8. Qxe2 h6 9. Nf3 c6 10. a4 Nfd7 11. Be3 e5 12. dxe5 dxe5 13. Rfd1 Qe7 14. a5 Nc5 15. Bxc5 Qxc5 16. Nd2 Na6 17. Nb3 Qe7 18. Na4 Rfd8 19. c3 Bf8 20. h3 Qe6 21. Nd2 Rd7 22. b4 Rad8 23. Nb2 Nc7 24. Ndc4 Nb5 25. Rxd7 Rxd7 26. Na4 Kg7 27. Rc1 Be7 28. Qg4 Qxg4 29. hxg4 f6 30. Kf1 Kf7 31. Ke2 Kg7 32. Rd1 Rxd1 33. Kxd1 Kf7 34. Kc2 Ke6 35. Nd2 Kd7 36. Kd3 Kc7 37. Nf3 b6 38. Nh4 g5 39. Nf5 Bf8 40. axb6+ axb6 41. Nb2 Nd6 42. Ne3 b5 43. f3 Kb6 44. Nbd1 Kc7 45. Nf2 Kb6 46. Nh3 Kc7 47. Ng1 Kb6 48. Ne2 Kc7 49. Ng3 Kb6 50. Ngf1 Kc7 51. Nd2 Kb6 52. Nb3 Nb7 53. Nf5 Kc7 54. Kc2 Kb6 55. Nd2 Nd6 56. Ne3 Kc7 57. Kb3 Kb6 58. c4 bxc4+ 59. Ndxc4+ Nxc4 60. Kxc4 Ka6 61. Nd1 Kb6 62. Nc3 Kc7 63. b5 cxb5+ 64. Kxb5 Kd6 65. Nd5 Ke6 66. Kc6 Ba3 67. Kc7 Kf7 68. Kd7 Bc5 69. Nc7 Bb4 70. Ne6 Ba3 71. Nd8+ Kg6 72. Ke6 Bb4 73. Nc6 Ba3 74. Nb8 Bf8 75. Nd7 Bg7 76. Ke7 1-0

[Event "Sancti Spiritus Concepcion Memorial tt"]
[Site "Sancti Spiritus"]
[Date "2018.01.17"]
[Round "2.3"]
[White "Santana Laurence, Luis M"]
[Black "Molina Garcia, Liester"]
[Result "1-0"]
[WhiteElo "2023"]
[BlackElo "2139"]
[PlyCount "132"]
[EventDate "2018.01.16"]
[EventType "team-tourn"]
[EventRounds "10"]
[EventCountry "CUB"]
[SourceTitle "EXT 2021"]
[Source "ChessBase"]
[SourceDate "2020.10.23"]
[SourceVersion "1"]
[SourceVersionDate "2020.10.23"]
[SourceQuality "1"]

1. Nf3 Nf6 2. g3 d5 3. d4 c6 4. Bg2 Bf5 5. 0-0 h6 6. b3 Nbd7 7. Bb2 e6 8. Nbd2 Be7 9. Ne5 Nxe5 10. dxe5 Nd7 11. e4 dxe4 12. Nxe4 Bxe4 13. Bxe4 Qa5 14. Qe2 Ba3 15. Bd4 Bc5 16. Bb2 Ba3 17. Bd4 0-0-0 18. c3 Be7 19. a4 Kb8 20. b4 Qc7 21. f4 c5 22. bxc5 Nxc5 23. Bg2 a5 24. Rab1 b6 25. Qc4 g6 26. Kh1 Ka7 27. Rf2 Rb8 28. Rfb2 Rhc8 29. Rb5 Qd7 30. Kg1 Rc7 31. Qe2 Qc8 32. Qb2 Qa6 33. Qf2 Nd7 34. Bf1 Rc6 35. Rxb6 Nxb6 36. Bxa6 Kxa6 37. Qe2+ Kb7 38. Qb5 Bd8 39. c4 Kc7 40. c5 Nd7 41. Qxa5+ Kc8 42. Rxb8+ Nxb8 43. Qb5 Bc7 44. Bc3 Kd7 45. Bb4 Ke7 46. Qb7 Kd7 47. Kf2 Na6 48. Ba3 Nxc5 49. Bxc5 Rxc5 50. Ke3 Ra5 51. Kd3 Kd8 52. Qb4 Ke8 53. Qc4 Rd5+ 54. Kc3 Ba5+ 55. Kb3 Kf8 56. g4 Kg7 57. Qe4 Bc7 58. h4 g5 59. hxg5 hxg5 60. Qc4 Ba5 61. fxg5 Kg6 62. Qc8 Rd8 63. Qc2+ Kxg5 64. Qh7 Rd7 65. Qg7+ Kf4 66. g5 Rc7 1-0